Des prisons telles qu'elles sont et telles qu'elles devraient être
| 1. VerfasserIn: | |
|---|---|
| Medienart: | Druck Buch |
| Sprache: | Französisch |
| Veröffentlicht: |
Paris
1820
|
| In: | Jahr: 1820 |
| Bestand in Tübingen: | In Tübingen vorhanden. UB: Hi 276 |
| Bestand in Albert-Krebs Bibliothek: | NZ.10.001 1996-941 |
| Verfügbarkeit prüfen: | HBZ Gateway |
| Subito Bestelldienst: | Jetzt bestellen. |
| Schlagwörter: |
MARC
| LEADER | 00000cam a22000002c 4500 | ||
|---|---|---|---|
| 001 | 1096910683 | ||
| 003 | DE-627 | ||
| 005 | 20240429192925.0 | ||
| 007 | tu | ||
| 008 | 920114s1820 xx ||||| 00| ||fre c | ||
| 035 | |a (DE-627)1096910683 | ||
| 035 | |a (DE-576)026910683 | ||
| 035 | |a (DE-599)BSZ026910683 | ||
| 035 | |a (OCoLC)311395585 | ||
| 040 | |a DE-627 |b ger |c DE-627 |e rakwb | ||
| 041 | |a fre | ||
| 084 | |a 2,1 |2 ssgn | ||
| 100 | 1 | |a Villermé, Louis René |d 1782-1863 |0 (DE-588)119204282 |0 (DE-627)135297990 |0 (DE-576)216934729 |4 aut | |
| 109 | |a Villermé, Louis René 1782-1863 |a Villermé, ... 1782-1863 |a Villermé, Louis R. 1782-1863 | ||
| 245 | 1 | 0 | |a Des prisons telles qu'elles sont et telles qu'elles devraient être |c par Louis Réné Villermé |
| 264 | 1 | |a Paris |c 1820 | |
| 300 | |a VI, 191 S. | ||
| 336 | |a Text |b txt |2 rdacontent | ||
| 337 | |a ohne Hilfsmittel zu benutzen |b n |2 rdamedia | ||
| 338 | |a Band |b nc |2 rdacarrier | ||
| 583 | 1 | |a Archivierung/Langzeitarchivierung gewährleistet |f SSG |x XA-DE-BW |2 pdager |5 DE-21 | |
| 650 | 4 | |a Strafvollzug |7 (dpeaa)DE-2619 | |
| 651 | 7 | |0 (DE-588)4018145-5 |0 (DE-627)106327232 |0 (DE-576)208922857 |a Frankreich |2 gnd |7 (dpeaa)DE-2619 | |
| 751 | |a Paris |0 (DE-588)4044660-8 |0 (DE-627)106204734 |0 (DE-576)209061790 |4 pup | ||
| 935 | |a mkri | ||
| 951 | |a BO | ||
| ELC | |b 1 | ||
| LOK | |0 000 xxxxxcx a22 zn 4500 | ||
| LOK | |0 001 2178228976 | ||
| LOK | |0 003 DE-627 | ||
| LOK | |0 004 1096910683 | ||
| LOK | |0 005 19960113000000 | ||
| LOK | |0 008 920114||||||||||||||||ger||||||| | ||
| LOK | |0 040 |a DE-21 |c DE-627 |d DE-21 | ||
| LOK | |0 852 |a DE-21 | ||
| LOK | |0 852 1 |c Hi 276 |9 00 | ||
| LOK | |0 935 |a abe2 | ||
| LOK | |0 939 |a 14-01-92 |b l01 | ||
| LOK | |0 000 xxxxxcx a22 zn 4500 | ||
| LOK | |0 001 4196237665 | ||
| LOK | |0 003 DE-627 | ||
| LOK | |0 004 1096910683 | ||
| LOK | |0 005 20221011150128 | ||
| LOK | |0 008 221011||||||||||||||||ger||||||| | ||
| LOK | |0 035 |a (DE-2619)k00624 | ||
| LOK | |0 040 |a DE-2619 |c DE-627 |d DE-2619 | ||
| LOK | |0 092 |o n | ||
| LOK | |0 541 |e Bestand Albert-Krebs-Bibliothek: 1996-941 | ||
| LOK | |0 852 |a DE-2619 | ||
| LOK | |0 852 1 |c NZ.10.001 |m p |9 00 | ||
| LOK | |0 935 |a kreb | ||
| LOK | |0 938 |k p | ||
| LOK | |0 939 |a 11-10-22 |b l01 | ||
| ORI | |a SA-MARC-krimdoka001.raw | ||
| SIG | |a UB: Hi 276 | ||
